<The> important issues of the Slovak right-wing politics
Významné otázky pravicovej politiky na Slovensku. Ideológia slovenskej pravice. Slovenské pravicové strany v straníckom systéme po roku 1989. Rozpad a integrácia slovenskej pravice.
Saved in:
| Main Author: | |
|---|---|
| Format: | Book Chapter |
| Language: | English |
| Subjects: | |
| Tags: |
No Tags, Be the first to tag this record!
|
MARC
| LEADER | 00000naa a2200000 4500 | ||
|---|---|---|---|
| 001 | 0185120 | ||
| 005 | 20231207093907.3 | ||
| 041 | 0 | |a eng | |
| 044 | |a SK | ||
| 245 | 1 | 0 | |a <The> important issues of the Slovak right-wing politics |c Daniela Škutová |
| 520 | |a Významné otázky pravicovej politiky na Slovensku. Ideológia slovenskej pravice. Slovenské pravicové strany v straníckom systéme po roku 1989. Rozpad a integrácia slovenskej pravice. | ||
| 610 | 2 | 0 | |a politika |
| 610 | 2 | 0 | |a strany politické |
| 610 | 2 | 0 | |a história |
| 610 | 2 | 0 | |a Slovensko |
| 100 | 1 | |a Škutová, Daniela | |